000 00933nas a2200325 4500
001 BR0806800
003 BR-BrBNA
005 20231205112200.0
007 ta
008 230509b bl.|||p| |||| 00| 00por d
040 _aBR-BrBNA
_bpor
_cBiblioteca Nacional de Agricultura
041 _a(Pt)
072 _aL73
100 1 _aLobato, F.C.F.
100 1 _aSalvarani, F.M.
100 1 _aSilva, R.O.S.
100 1 _aSouza, A.M. de
100 1 _aLima, C.G.R.D.
100 1 _aPires, P.S.
100 1 _aAssis, R.A. de
100 1 _aAzevedo, E.O. de
245 1 _aSurto de botulismo em ruminantes cauado pela ingestão de cama-de-frango
650 _aRUMINANTE
650 _aBOTULISMO
650 _aCAMA DE GALINHEIRO
650 _aINTOXICAÇÃO
773 0 _tCiência Rural (Brazil)
_xISSN 0103-8478
_g(Jul 2008), v. 38(4) p. 1176-1178
_wBR0806800
909 _a202311
_bLúcia
_c55
_dLúcia Elande
942 _2AGRIS
_n0
_cANA
999 _c196569
_d196569